00406nam a2200181Ia 4500003000400000005001700004008004100021020001500062040000700077041000800084082001600092100002200108245003300130250000600163260002800169300001400197365001300211OSt20230420162548.0210423s2009 xx 000 0 und d a4153211530 cAL aeng a401.41 HAWT aHAWKES (Terence). aStructuralism and semiotics. a2 aLondonbRoutledgec2009 ax,176bPB b275cINR